| 000 | 00766nam a22002057a 4500 | ||
|---|---|---|---|
| 005 | 20240520125353.0 | ||
| 010 | _aHIN-127647 | ||
| 020 |
_c400.00 _a9789390923649 |
||
| 035 | _aHN-99994 | ||
| 037 | _bDBAD/PUB | ||
| 082 | _aक | ||
| 100 |
_aवर्मा ,के.पी.एस _966455 |
||
| 245 |
_aबरगद काट दो / _cके.पी,एस. वर्मा |
||
| 250 | _a1 | ||
| 260 |
_aनई दिल्ली _bप्रभात प्रकाशन _c2021 |
||
| 270 |
_a आसफ अली रोड _bनई दिल्ली _e110002 _mprabhatbooks@gmail.com |
||
| 300 |
_a184p.; _c22 सेमी (सजिल्द) |
||
| 700 |
_aवर्मा, के.पी.एस. _966429 |
||
| 942 |
_2ddc _cHN _hक _mवर्माके |
||
| 999 |
_c203013 _d203013 |
||